[Event "Titled Tuesday intern op 22nd Nov Late"]
[Site "Chess.com INT"]
[Date "2022.11.22"]
[Round "1"]
[White "Bobkov, Vadim"]
[Black "Cortes Orihuela, Javier"]
[Result "1/2-1/2"]
[WhiteElo "2249"]
[BlackElo "2180"]
[PlyCount "121"]
[EventDate "2022.11.22"]
[EventType "swiss (blitz)"]
[EventRounds "11"]
[EventCountry "USA"]
[SourceTitle "CBM 211 Extra"]
[Source "ChessBase"]
[SourceDate "2023.01.31"]
[SourceVersion "1"]
[SourceVersionDate "2023.01.31"]
[SourceQuality "1"]

1. d4 d5 2. c4 dxc4 3. Nf3 Nf6 4. e3 Bg4 5. Bxc4 e6 6. h3 Bh5 7. 0-0 Nc6 8. Nc3 Bd6 9. b3 0-0 10. Bb2 a6 11. Rc1 Qe7 12. Re1 Rad8 13. Qe2 e5 14. d5 e4 15. dxc6 exf3 16. gxf3 Qe5 17. f4 Qf5 18. Qf1 Bf3 19. Bd3 Qh5 20. Be2 bxc6 21. Bxf3 Qxf3 22. Qg2 Qxg2+ 23. Kxg2 Bb4 24. Re2 Rd7 25. Na4 Rfd8 26. Bxf6 gxf6 27. Rxc6 Rd2 28. Rc2 Rxe2 29. Rxe2 Rd1 30. Rc2 Ra1 31. f5 Kf8 32. Kf3 Ke8 33. Ke4 Bd6 34. Nc3 Rh1 35. Nd5 Rxh3 36. Nxc7+ Bxc7 37. Rxc7 Rh2 38. Kf3 h5 39. Rc6 h4 40. Rxa6 Rh1 41. Rxf6 Ra1 42. a4 Rb1 43. Rb6 Rb2 44. Kg4 Kd7 45. Kxh4 Rxf2 46. Rb5 Kc6 47. Kg3 Rf1 48. e4 f6 49. Kg4 Rg1+ 50. Kh5 Kd6 51. a5 Rg5+ 52. Kh4 Rg1 53. Rb6+ Ke5 54. a6 Ra1 55. b4 Kf4 56. Kh3 Kf3 57. Kh2 Ra2+ 58. Kh3 Ra1 59. Kh2 Ra2+ 60. Kg1 Ra1+ 61. Kh2 1/2-1/2

[Event "Titled Tuesday intern op 22nd Nov Late"]
[Site "Chess.com INT"]
[Date "2022.11.22"]
[Round "11"]
[White "Toniutti, Ezio"]
[Black "Bobkov, Vadim"]
[Result "0-1"]
[WhiteElo "2238"]
[BlackElo "2249"]
[PlyCount "108"]
[EventDate "2022.11.22"]
[EventType "swiss (blitz)"]
[EventRounds "11"]
[EventCountry "USA"]
[SourceTitle "CBM 211 Extra"]
[Source "ChessBase"]
[SourceDate "2023.01.31"]
[SourceVersion "1"]
[SourceVersionDate "2023.01.31"]
[SourceQuality "1"]

1. d4 Nf6 2. c4 e6 3. g3 c5 4. d5 g6 5. Nc3 Bg7 6. Nf3 0-0 7. Bg2 d6 8. 0-0 e5 9. e4 h6 10. Ne1 a6 11. a4 Nh5 12. Nd3 f5 13. exf5 Bxf5 14. Ne4 Nf6 15. f3 Qe7 16. Be3 Nbd7 17. Qe2 Rab8 18. b3 b5 19. axb5 axb5 20. Ra7 bxc4 21. bxc4 Ra8 22. Rfa1 Rxa7 23. Rxa7 Rb8 24. Ndf2 Rb1+ 25. Bf1 Qf8 26. Qc2 Rb8 27. Qa4 Nb6 28. Qc6 Nxe4 29. fxe4 Bc8 30. Qc7 Nd7 31. Kg2 Bf6 32. Ng4 Bd8 33. Nxh6+ Qxh6 34. Qxd8+ Qf8 35. Qxf8+ Kxf8 36. Bh6+ Ke7 37. Bg5+ Ke8 38. Be2 Rb7 39. Ra8 Rb8 40. Ra6 Rb6 41. Ra2 Rb4 42. Bg4 Nb6 43. Be6 Rxc4 44. Ra7 Rxe4 45. Re7+ Kf8 46. Rf7+ Kg8 47. Rc7+ Bxe6 48. dxe6 Nd5 49. e7 Nxc7 50. Kf2 Rd4 51. Kf3 Kf7 52. Ke3 Ke8 53. Ke2 Ne6 54. Ke3 Nxg5 0-1

[Event "Novorossiysk Small Land Rapid op"]
[Site "Novorossiysk"]
[Date "2022.07.19"]
[Round "5"]
[White "Zakaryan, David"]
[Black "Bobkov, Vadim"]
[Result "1-0"]
[WhiteElo "2339"]
[BlackElo "2296"]
[PlyCount "107"]
[EventDate "2022.07.18"]
[EventType "swiss (rapid)"]
[EventRounds "11"]
[EventCountry "RUS"]
[SourceTitle "EXT 2023"]
[Source "ChessBase"]
[SourceDate "2022.10.05"]
[SourceVersion "1"]
[SourceVersionDate "2022.10.05"]
[SourceQuality "1"]

1. Nf3 d5 2. e3 c5 3. c4 e6 4. cxd5 exd5 5. d4 Nf6 6. Nc3 Nc6 7. Bb5 a6 8. Bxc6+ bxc6 9. 0-0 Bd6 10. dxc5 Bxc5 11. Na4 Ba7 12. Qc2 Qd6 13. Bd2 0-0 14. Rac1 Bd7 15. Nc5 Bxc5 16. Qxc5 Qxc5 17. Rxc5 Ne4 18. Rcc1 c5 19. Rfd1 Rfc8 20. Ne5 Be6 21. f3 Nd6 22. Nd3 Rab8 23. Bc3 Rb7 24. Nf4 Nc4 25. Nxd5 Nxb2 26. Bxb2 Bxd5 27. Rxd5 Rxb2 28. Rdxc5 Re8 29. R1c2 Rbb8 30. Kf2 g6 31. Rc6 a5 32. R6c5 a4 33. R5c4 Ra8 34. Rb4 Red8 35. Ke2 Kg7 36. g4 Rd5 37. h4 h5 38. g5 Rd7 39. a3 Re7 40. Rcc4 Rea7 41. f4 Kf8 42. e4 Kg7 43. Ke3 Kf8 44. Kf3 Rd8 45. Ke2 Rda8 46. f5 gxf5 47. exf5 Kg7 48. Re4 Ra5 49. f6+ Kg6 50. Re7 Rc5 51. Rbb7 Rc2+ 52. Kd3 Ra2 53. Rxf7 Rxa3+ 54. Ke4 1-0

[Event "Novorossiysk Small Land Blitz"]
[Site "Novorossiysk"]
[Date "2022.07.17"]
[Round "9"]
[White "Aleksandrov, Danila"]
[Black "Bobkov, Vadim"]
[Result "0-1"]
[WhiteElo "2146"]
[BlackElo "2296"]
[PlyCount "45"]
[EventDate "2022.07.17"]
[EventType "swiss (blitz)"]
[EventRounds "13"]
[EventCountry "RUS"]
[SourceTitle "CBM 209 Extra"]
[Source "ChessBase"]
[SourceDate "2022.09.30"]
[SourceVersion "1"]
[SourceVersionDate "2022.09.30"]
[SourceQuality "1"]

1. d4 d5 2. c4 e6 3. Nc3 c6 4. e3 Nf6 5. Nf3 Nbd7 6. Bd3 dxc4 7. Bxc4 b5 8. Be2 Bb7 9. e4 b4 10. e5 bxc3 11. exf6 cxb2 12. fxg7 bxa1Q 13. gxh8Q Qa5+ 14. Nd2 0-0-0 15. 0-0 Qf5 16. Nc4 Be7 17. Qg7 Qxa2 18. Bd3 Qf6 19. Qg3 Nb6 20. Nxb6+ axb6 21. Be3 Qd5 22. Qa4 Bd6 23. f4 0-1

[Event "Speed Chess Super Swiss"]
[Site "Chess.com INT"]
[Date "2021.10.16"]
[Round "6"]
[White "Bobkov, Vadim"]
[Black "Sergienko, Sergey"]
[Result "1/2-1/2"]
[WhiteElo "2296"]
[BlackElo "2337"]
[PlyCount "105"]
[EventDate "2021.10.16"]
[EventType "swiss (blitz)"]
[EventRounds "15"]
[EventCountry "USA"]
[SourceTitle "CBM 204 Extra"]
[Source "ChessBase"]
[SourceDate "2021.11.30"]
[SourceVersion "1"]
[SourceVersionDate "2021.11.30"]
[SourceQuality "1"]

1. d4 Nf6 2. c4 c5 3. d5 e5 4. Nc3 d6 5. e4 Be7 6. Be2 Nbd7 7. Nf3 Nf8 8. 0-0 Ng6 9. Ne1 0-0 10. Nd3 h6 11. a3 Nh7 12. b4 b6 13. g3 Bh3 14. Re1 Bg5 15. Bg4 Bxg4 16. Qxg4 Bxc1 17. Raxc1 Nf6 18. Qe2 Qd7 19. Rb1 Rab8 20. Rb3 Rfc8 21. bxc5 bxc5 22. Reb1 Rxb3 23. Rxb3 Ne8 24. Qb2 f5 25. Rb7 Rc7 26. Rb8 fxe4 27. Nxe4 Kh7 28. Qb1 Nf6 29. Nexc5 Rxc5 30. Nxc5 dxc5 31. h4 e4 32. h5 Ne5 33. Kg2 Qg4 34. Rb3 Nxh5 35. Qh1 Nf4+ 36. Kh2 Qh5+ 37. Kg1 Qd1+ 38. Kh2 Qxb3 39. Qxe4+ Nfg6 40. Kg2 Qxc4 41. Qxc4 Nxc4 42. a4 Nd6 43. f4 Ne7 44. Kf3 Nxd5 45. Ke2 a5 46. Kd2 Nb6 47. Kd3 Nxa4 48. Ke3 g5 49. Kf3 gxf4 50. Kxf4 Kg6 51. Kg4 Nf5 52. Kf4 Nxg3 53. Ke5 1/2-1/2

[Event "Speed Chess Super Swiss"]
[Site "Chess.com INT"]
[Date "2021.10.16"]
[Round "3"]
[White "Bobkov, Vadim"]
[Black "Vokhidov, Shamsiddin"]
[Result "0-1"]
[WhiteElo "2296"]
[BlackElo "2521"]
[PlyCount "46"]
[EventDate "2021.10.16"]
[EventType "swiss (blitz)"]
[EventRounds "15"]
[EventCountry "USA"]
[SourceTitle "CBM 204 Extra"]
[Source "ChessBase"]
[SourceDate "2021.11.30"]
[SourceVersion "1"]
[SourceVersionDate "2021.11.30"]
[SourceQuality "1"]

1. d4 Nf6 2. c4 e6 3. Nc3 Bb4 4. f3 Nc6 5. e4 d5 6. cxd5 exd5 7. e5 Ng8 8. f4 Nge7 9. a3 Ba5 10. Nf3 Bg4 11. Bb5 0-0 12. 0-0 Nxd4 13. Be2 Nxe2+ 14. Nxe2 Bb6+ 15. Kh1 c5 16. h3 Bf5 17. Ng3 d4 18. Nxf5 Nxf5 19. Qd3 Ng3+ 20. Kg1 c4 21. Qxc4 d3+ 22. Rf2 Rc8 23. Qb3 Ne2+ 0-1

[Event "Speed Chess GP4"]
[Site "Chess.com INT"]
[Date "2021.10.09"]
[Round "2"]
[White "Bobkov, Vadim"]
[Black "Senthilkumar, Pranav"]
[Result "1/2-1/2"]
[WhiteElo "2296"]
[BlackElo "1855"]
[PlyCount "137"]
[EventDate "2021.10.09"]
[EventType "swiss (blitz)"]
[EventRounds "10"]
[EventCountry "USA"]
[SourceTitle "CBM 204 Extra"]
[Source "ChessBase"]
[SourceDate "2021.11.30"]
[SourceVersion "1"]
[SourceVersionDate "2021.11.30"]
[SourceQuality "1"]

1. d4 Nf6 2. c4 c5 3. d5 b5 4. cxb5 a6 5. b6 a5 6. Nc3 Ba6 7. e4 Bxf1 8. Kxf1 d6 9. Nf3 Qxb6 10. g3 g6 11. Kg2 Bg7 12. Re1 Nfd7 13. Qc2 0-0 14. Bf4 Na6 15. e5 Nb4 16. Qd2 dxe5 17. Nxe5 Nxe5 18. Bxe5 Bxe5 19. Rxe5 Qd6 20. Rae1 Rad8 21. a3 Na6 22. Rxe7 Nc7 23. R7e5 f6 24. R5e2 Nxd5 25. Ne4 Qc6 26. Kg1 f5 27. Ng5 f4 28. Qxa5 f3 29. Re6 Qd7 30. h4 c4 31. Qc5 Rc8 32. Qd4 Rfd8 33. h5 Qg7 34. Qxg7+ Kxg7 35. hxg6 hxg6 36. Nxf3 c3 37. bxc3 Rxc3 38. Ne5 Rxa3 39. Rxg6+ Kf8 40. Kg2 Ra2 41. Rh1 Ne3+ 42. Kf3 Nf5 43. Rh5 Nd4+ 44. Kg2 Nc2 45. Rh8+ Ke7 46. Nc6+ Kf7 47. Nxd8+ Kxg6 48. Rg8+ Kh7 49. Rg4 Ne3+ 50. Kf3 Nxg4 51. Kxg4 Rxf2 52. Ne6 Ra2 53. Ng5+ Kg6 54. Nf3 Ra4+ 55. Kh3 Kf5 56. Nh4+ Kg5 57. Nf3+ Kf5 58. Nh4+ Ke4 59. Kg4 Ke5+ 60. Kg5 Ke6 61. g4 Kf7 62. Nf5 Ra5 63. Kh6 Kf6 64. Ng3 Ra3 65. g5+ Ke6 66. Nh5 Ra1 67. g6 Rg1 68. g7 Rxg7 69. Nxg7+ 1/2-1/2

[Event "Speed Chess GP4"]
[Site "Chess.com INT"]
[Date "2021.10.09"]
[Round "8"]
[White "Bobkov, Vadim"]
[Black "Tanenbaum, Zachary Chen"]
[Result "0-1"]
[WhiteElo "2296"]
[BlackElo "2135"]
[PlyCount "68"]
[EventDate "2021.10.09"]
[EventType "swiss (blitz)"]
[EventRounds "10"]
[EventCountry "USA"]
[SourceTitle "CBM 204 Extra"]
[Source "ChessBase"]
[SourceDate "2021.11.30"]
[SourceVersion "1"]
[SourceVersionDate "2021.11.30"]
[SourceQuality "1"]

1. d4 d5 2. c4 dxc4 3. Nf3 a6 4. e3 Nf6 5. Bxc4 e6 6. 0-0 c5 7. e4 cxd4 8. e5 Nd5 9. Qxd4 Nc6 10. Qg4 h5 11. Qe4 Qc7 12. Bg5 Be7 13. Nbd2 Bxg5 14. Nxg5 Qxe5 15. Bxd5 Qxd5 16. Qf4 e5 17. Rfe1 Be6 18. Qe3 0-0 19. Ndf3 Bg4 20. b3 Bxf3 21. Nxf3 f6 22. Rad1 Qf7 23. Qb6 Rfd8 24. h3 g6 25. a4 Qe7 26. Rc1 Rd7 27. Rc4 Rad8 28. b4 Rd1 29. Rxd1 Rxd1+ 30. Kh2 e4 31. Nh4 Qe5+ 32. g3 Qa1 33. f4 Rh1+ 34. Kg2 Qf1# 0-1